Итоги работы сибирского филиала Гипромеза -Тельбессбюро; Жизнь Сибири; № 2 (51)

Chi tiết về thư mục
Parent link:Жизнь Сибири
№ 2 (51).— 1927.— С. 30-40
Tác giả chính: Гутовский Н. В.
Ngôn ngữ:Tiếng Nga
Được phát hành: 1927
Những chủ đề:
Định dạng: Chương của sách
KOHA link:https://koha.lib.tpu.ru/cgi-bin/koha/opac-detail.pl?biblionumber=593328

MARC

LEADER 00000naa0a2200000 4500
001 593328
005 20241218140438.0
035 |a (RuTPU)RU\TPU\tpu\6508 
090 |a 593328 
100 |a 20011210d1927 k||y0rusy50 ca 
101 0 |a rus 
102 |a RU 
200 1 |a Итоги работы сибирского филиала Гипромеза -Тельбессбюро  |f Н. В. Гутовский 
461 |t Жизнь Сибири 
463 |t № 2 (51)  |v С. 30-40  |d 1927 
610 1 |a металлургия 
610 1 |a труды учёных ТПУ 
700 1 |a Гутовский  |b Н. В. 
801 0 |a RU  |b 63413507  |c 20011210  |g PSBO 
801 2 |a RU  |b 63413507  |c 20090114  |g PSBO 
942 |c CR